[Event "66th ch-RUS HL"]
[Site "Yekaterinburg RUS"]
[Date "2013.06.24"]
[Round "5.19"]
[White "Artemiev, Vladislav"]
[Black "Moiseenko, Vadim"]
[Result "1-0"]
[WhiteTitle "IM"]
[BlackTitle "IM"]
[WhiteElo "2524"]
[BlackElo "2473"]
[WhiteFideId "24101605"]
[BlackFideId "4123700"]
[EventDate "2013.06.20"]

1. c4 e5 2. g3 Nf6 3. Bg2 g6 4. Nf3 Qe7 5. Nc3 Bg7 6. d4 exd4 7. Nxd4 O-O 8. O-O
c6 9. e4 d6 10. h3 Na6 11. Bf4 Nd7 12. Be3 Nac5 13. Qc2 a5 14. Rad1 Re8 15. Rfe1
a4 16. f4 Qf8 17. g4 a3 18. b3 Na6 19. Nce2 Ndc5 20. Ng3 Nb4 21. Qb1 Bd7 22. Nf3
b6 23. Re2 d5 24. e5 f6 25. Rf1 f5 26. gxf5 Ne4 27. Nxe4 dxe4 28. f6 exf3 29.
fxg7 Qxg7 30. Rxf3 Bf5 31. Qe1 c5 32. Rg3 Rad8 33. Bc1 Qa7 34. Rd2 Qa5 35. Rxd8
Rxd8 36. Bd2 Be6 37. f5 Bxf5 38. Bd5+ Kf8 39. e6 Qa7 40. Qe5 Qg7 41. e7+ 1-0

[Event "66th ch-RUS HL"]
[Site "Yekaterinburg RUS"]
[Date "2013.06.24"]
[Round "5.20"]
[White "Iskusnyh, Sergei"]
[Black "Nozdrachev, Leonid"]
[Result "1-0"]
[WhiteTitle "GM"]
[BlackTitle "FM"]
[WhiteElo "2489"]
[BlackElo "2389"]
[WhiteFideId "4120027"]
[BlackFideId "24113433"]
[EventDate "2013.06.20"]

1. d4 Nf6 2. c4 g6 3. g3 Bg7 4. Bg2 d5 5. cxd5 Nxd5 6. Nf3 Nb6 7. Nc3 Nc6 8. e3
O-O 9. O-O Re8 10. h3 e5 11. d5 Ne7 12. e4 Bd7 13. b3 c6 14. dxc6 Nxc6 15. Bg5
Bf6 16. Be3 Be6 17. Nb5 Nc8 18. Qxd8 Bxd8 19. Rad1 f6 20. Rxd8 Rxd8 21. Nc7 Nd6
22. Nxe6 Rdc8 23. Rd1 Nxe4 24. Nxe5 Nc3 25. Nxc6 Nxd1 26. Ne7+ Kf7 27. Nxc8 Rxc8
28. Nd4 Nxe3 29. fxe3 Rc1+ 30. Kf2 b6 31. a4 f5 32. g4 fxg4 33. hxg4 Kf6 34. Bd5
h5 35. gxh5 gxh5 36. Nf3 Rc3 37. e4 a6 38. Kg3 h4+ 39. Kxh4 1-0

[Event "66th ch-RUS HL"]
[Site "Yekaterinburg RUS"]
[Date "2013.06.24"]
[Round "5.21"]
[White "Gordievsky, Dmitry"]
[Black "Korniushin, Nikolay"]
[Result "1-0"]
[WhiteTitle "FM"]
[BlackTitle "IM"]
[WhiteElo "2474"]
[BlackElo "2373"]
[WhiteFideId "24112798"]
[BlackFideId "4123808"]
[EventDate "2013.06.20"]

1. d4 d5 2. c4 e6 3. Nc3 Nf6 4. Nf3 Bb4 5. cxd5 exd5 6. Bg5 c6 7. g3 O-O 8. Bg2
Qa5 9. Bxf6 Bxc3+ 10. bxc3 Qxc3+ 11. Kf1 gxf6 12. h4 Re8 13. Rc1 Qb2 14. Rc2 Qb4
15. Bh3 Bxh3+ 16. Rxh3 Nd7 17. h5 Re4 18. e3 Qd6 19. Kg2 Qe6 20. Qd3 Kh8 21. Rh1
Rg8 22. a4 Qd6 23. a5 Reg4 24. Qf5 b6 25. Rd1 Nb8 26. Rb1 b5 27. Rbc1 Qe6 28.
Qd3 Qe4 29. Qxe4 dxe4 30. Nd2 f5 31. Rc5 R4g5 32. h6 f4 33. Nxe4 Rxc5 34. Nxc5
fxe3 35. fxe3 Rg6 36. Kf3 Rxh6 37. e4 Rd6 38. Ke3 Kg7 39. e5 Rg6 40. Kf3 Kf8 41.
Rh1 h6 42. Nd3 c5 43. Nxc5 Nc6 44. Nb3 Ke7 45. Rc1 Kd7 46. Nc5+ Ke7 47. Nb3 Kd7
48. Rc5 a6 49. g4 Nb4 50. Rc1 Kd8 51. Nc5 Nc6 52. Kf4 Nxa5 53. Ra1 Nc6 54. d5
Nb4 55. d6 Rg5 56. Rd1 Nc6 57. e6 fxe6 58. Nxe6+ Kd7 59. Nxg5 hxg5+ 60. Kxg5 Ne5
61. Kf4 1-0

[Event "66th ch-RUS HL"]
[Site "Yekaterinburg RUS"]
[Date "2013.06.24"]
[Round "5.22"]
[White "Levin, Evgeny A."]
[Black "Kozlitin, Roman"]
[Result "1/2-1/2"]
[WhiteTitle "GM"]
[BlackTitle "FM"]
[WhiteElo "2512"]
[BlackElo "2361"]
[WhiteFideId "4182596"]
[BlackFideId "4142845"]
[EventDate "2013.06.20"]

1. d4 d5 2. c4 c6 3. Nf3 Nf6 4. e3 e6 5. b3 Nbd7 6. Bd3 Bd6 7. Bb2 O-O 8. O-O
dxc4 9. bxc4 Re8 10. Ne5 c5 11. f4 Nf8 12. Nd2 N6d7 13. Ne4 Be7 14. d5 f5 15.
Nxd7 fxe4 16. Nxf8 exd3 17. Nxe6 Bxe6 18. dxe6 Qb6 19. Rb1 Qxe6 20. Qxd3 Rad8
21. Qe2 Qe4 22. Rbd1 Bd6 23. Rd5 Bf8 24. Rxd8 Rxd8 25. Rc1 a6 26. h3 b5 27. Be5
Rd3 28. Qg4 Qxe3+ 29. Kh2 Qxc1 30. Qe6+ Kh8 31. Qe8 Kg8 32. Qe6+ Kh8 33. Qe8 Kg8
34. Qe6+ Kh8 1/2-1/2

[Event "66th ch-RUS HL"]
[Site "Yekaterinburg RUS"]
[Date "2013.06.24"]
[Round "5.23"]
[White "Egorov, Dmitry"]
[Black "Ovod, Evgenija"]
[Result "1-0"]
[WhiteTitle "FM"]
[BlackTitle "IM"]
[WhiteElo "2355"]
[BlackElo "2387"]
[WhiteFideId "4128303"]
[BlackFideId "4131827"]
[EventDate "2013.06.20"]

1. e4 e6 2. d4 d5 3. e5 c5 4. c3 Qb6 5. Nf3 Bd7 6. a3 Bb5 7. b4 cxd4 8. Bxb5+
Qxb5 9. cxd4 Nd7 10. Nc3 Qc6 11. Qd3 Nb6 12. Nd2 Ne7 13. Bb2 Nc4 14. Nxc4 dxc4
15. Qh3 a6 16. O-O Nd5 17. f4 Nxc3 18. Bxc3 g6 19. a4 Be7 20. Qh6 O-O-O 21. b5
Qe4 22. Kh1 Kb8 23. Qh3 h5 24. Rfe1 Qd5 25. Reb1 Ka7 26. Qe3 Rd7 27. Rb2 Rc8 28.
h3 Bd8 29. Rab1 Ka8 30. Qe2 Be7 31. bxa6 bxa6 32. Rb6 Ka7 33. Qb2 Bd8 34. Rb8
Qc6 35. d5 Rxd5 36. Qb7+ 1-0

[Event "66th ch-RUS HL"]
[Site "Yekaterinburg RUS"]
[Date "2013.06.24"]
[Round "5.24"]
[White "Kruchev, Boris"]
[Black "Yuferev, Oleg"]
[Result "1/2-1/2"]
[WhiteTitle "FM"]
[BlackTitle "FM"]
[WhiteElo "2272"]
[BlackElo "2284"]
[WhiteFideId "4179714"]
[BlackFideId "4131720"]
[EventDate "2013.06.20"]

1. d4 d5 2. c4 c6 3. cxd5 cxd5 4. Nf3 Nf6 5. Nc3 Nc6 6. Bf4 Bf5 7. e3 e6 8. Bd3
Bxd3 9. Qxd3 Bd6 10. Bxd6 Qxd6 11. O-O O-O 12. Rfc1 Rfc8 13. h3 h6 14. Nb5 Qd7
15. Nc3 Qd6 16. Nb5 Qd7 17. Nc3 Qd6 18. Nb5 1/2-1/2

[Event "66th ch-RUS HL"]
[Site "Yekaterinburg RUS"]
[Date "2013.06.24"]
[Round "5.25"]
[White "Shishigin, Dmitry"]
[Black "Khegay, Dmitriy"]
[Result "0-1"]
[BlackTitle "FM"]
[WhiteElo "2230"]
[BlackElo "2349"]
[WhiteFideId "24104353"]
[BlackFideId "24153729"]
[EventDate "2013.06.20"]

1. d4 d5 2. c4 c6 3. Nc3 Nf6 4. Nf3 a6 5. a4 e6 6. g3 dxc4 7. Bg5 c5 8. d5 Be7
9. e4 exd5 10. exd5 O-O 11. Bg2 h6 12. Be3 Ng4 13. Bf4 Bd6 14. O-O Bxf4 15. gxf4
Bf5 16. h3 Nf6 17. Ne5 Bd3 18. Re1 Qd6 19. b3 Nbd7 20. bxc4 Bf5 21. Re3 Rfe8 22.
Qe2 Nf8 23. Re1 Ng6 24. Nxg6 Bxg6 25. Re5 Qd7 26. Qe3 Rac8 27. a5 Bf5 28. Rd1
Qd6 29. Na4 Bc2 30. Ra1 Bxa4 31. Rxa4 g5 32. Qc3 Nh5 33. Ra1 Nxf4 34. Rae1 Rxe5
35. Qxe5 Qxe5 36. Rxe5 Ng6 37. Re3 Rd8 38. Rb3 Rd7 39. d6 Ne5 40. Rxb7 Rxd6 41.
Bd5 Rf6 42. Rc7 Nd3 43. f3 Kg7 44. Be4 Nf4 45. Rxc5 Nxh3+ 46. Kh2 Nf4 47. Rc8
Rd6 48. c5 Rd2+ 49. Kg1 h5 50. c6 Ne2+ 51. Kf2 Nc3+ 52. Ke3 Nxe4 53. Kxe4 h4 54.
Rb8 Rc2 55. Kd5 h3 56. Rb1 h2 57. Rh1 f5 58. c7 Rxc7 59. Rxh2 Rc3 60. f4 gxf4
61. Ke5 Kg6 62. Kxf4 Rc4+ 63. Kf3 Ra4 64. Rh8 Rxa5 65. Rg8+ Kf7 66. Rb8 Rb5 67.
Ra8 a5 68. Kf4 Ke6 69. Ra6+ Kd7 70. Rg6 Rc5 0-1

[Event "66th ch-RUS HL"]
[Site "Yekaterinburg RUS"]
[Date "2013.06.26"]
[Round "6.1"]
[White "Grachev, Boris"]
[Black "Goganov, Aleksey"]
[Result "1/2-1/2"]
[WhiteTitle "GM"]
[BlackTitle "IM"]
[WhiteElo "2683"]
[BlackElo "2562"]
[WhiteFideId "4129199"]
[BlackFideId "24109959"]
[EventDate "2013.06.20"]

1. c4 c5 2. Nf3 Nc6 3. Nc3 g6 4. e3 Nf6 5. d4 cxd4 6. exd4 d5 7. cxd5 Nxd5 8.
Bc4 Nb6 9. Bb3 Bg7 10. O-O O-O 11. d5 Na5 12. Re1 Nxb3 13. axb3 Bg4 14. h3 Bxf3
15. Qxf3 Re8 16. Bg5 Bxc3 17. bxc3 Qxd5 18. Qxd5 Nxd5 19. c4 f6 20. cxd5 fxg5
21. Rac1 Rad8 22. Rc7 Rxd5 23. Rxb7 a5 24. Rexe7 Rxe7 25. Rxe7 Rb5 26. Ra7 h6
27. f3 Rxb3 28. Rxa5 Kg7 29. Ra7+ Kf6 30. Ra6+ Kg7 31. Ra7+ Kf6 32. Ra6+ Kg7 33.
Ra7+ Kf6 1/2-1/2

[Event "66th ch-RUS HL"]
[Site "Yekaterinburg RUS"]
[Date "2013.06.26"]
[Round "6.3"]
[White "Riazantsev, Alexander"]
[Black "Nepomniachtchi, Ian"]
[Result "1/2-1/2"]
[WhiteTitle "GM"]
[BlackTitle "GM"]
[WhiteElo "2708"]
[BlackElo "2717"]
[WhiteFideId "4125029"]
[BlackFideId "4168119"]
[EventDate "2013.06.20"]

1. d4 Nf6 2. c4 g6 3. Nc3 d5 4. Qb3 dxc4 5. Qxc4 Bg7 6. Bf4 c6 7. Nf3 a5 8. e3
O-O 9. Be2 b5 10. Qd3 Ba6 11. Qc2 Nbd7 12. e4 Qb6 13. O-O Rfc8 14. e5 Nd5 15.
Nxd5 cxd5 16. Qd2 b4 17. Bxa6 Qxa6 18. Rfc1 Nf8 19. h4 Ne6 20. Be3 f6 21. b3
Rxc1+ 22. Rxc1 Rc8 23. exf6 Rxc1+ 24. Qxc1 exf6 25. a3 Bf8 26. axb4 axb4 27. Qc2
Kf7 28. g3 h5 29. Kg2 Be7 30. Ne1 Qa1 31. Nf3 Qa8 32. Ne1 Ng7 33. Nd3 Ne6 34.
Nf4 Nxf4+ 35. Bxf4 Qa7 36. Be3 Qd7 37. Kg1 Qg4 38. Kh2 Bd6 39. Qc6 Bxg3+ 40.
fxg3 Qe2+ 41. Kh1 Qxe3 42. Qxd5+ Qe6 43. Qb7+ Kg8 44. Qb8+ Kg7 45. Qc7+ Kh6 46.
Qf4+ g5 47. hxg5+ fxg5 48. Qf2 Kg7 49. Qf3 Qe1+ 50. Kg2 Qd2+ 51. Kh1 Qc3 52.
Qxh5 Qxg3 53. Qd1 Qh3+ 54. Kg1 Qe3+ 55. Kg2 Kf6 56. Qf1+ Ke7 57. Qc4 Qd2+ 58.
Kg1 g4 59. Qc5+ Kf6 60. Qe5+ Kg6 61. Qe6+ Kg5 62. Qe5+ Kh4 63. d5 Qc3 64. Qf4
Qc5+ 65. Qf2+ Qxf2+ 66. Kxf2 Kg5 67. Kg3 Kf5 68. d6 Ke6 69. Kxg4 Kxd6 1/2-1/2

[Event "66th ch-RUS HL"]
[Site "Yekaterinburg RUS"]
[Date "2013.06.26"]
[Round "6.6"]
[White "Vitiugov, Nikita"]
[Black "Shomoev, Anton"]
[Result "0-1"]
[WhiteTitle "GM"]
[BlackTitle "GM"]
[WhiteElo "2734"]
[BlackElo "2565"]
[WhiteFideId "4152956"]
[BlackFideId "4135148"]
[EventDate "2013.06.20"]

1. d4 g6 2. c4 Bg7 3. e4 d6 4. Nc3 c5 5. d5 e6 6. Bd3 Ne7 7. Bg5 h6 8. Be3 a6 9.
a4 exd5 10. cxd5 Nd7 11. Nf3 O-O 12. Qd2 g5 13. h4 g4 14. Nh2 Ne5 15. Be2 h5 16.
Nf1 Qe8 17. Ng3 f6 18. Rb1 f5 19. Bg5 fxe4 20. Ngxe4 Nf5 21. O-O Bd7 22. b4 c4
23. a5 Qg6 24. Kh1 Rae8 25. Rbe1 Kh8 26. Rg1 Rc8 27. Rc1 Nf7 28. Rgf1 Nxg5 29.
hxg5 Nd4 30. Rce1 Nf3 31. gxf3 gxf3 32. Rg1 fxe2 33. Nf6 Bxf6 34. gxf6 Qxf6 35.
Rg3 Bg4 36. Rxe2 Bxe2 37. Qxe2 Qh4+ 38. Kg2 Rce8 39. Qc2 Re1 0-1

[Event "66th ch-RUS HL"]
[Site "Yekaterinburg RUS"]
[Date "2013.06.26"]
[Round "6.7"]
[White "Alekseev, Evgeny"]
[Black "Popov, Ivan RUS"]
[Result "1/2-1/2"]
[WhiteTitle "GM"]
[BlackTitle "GM"]
[WhiteElo "2714"]
[BlackElo "2632"]
[WhiteFideId "4138147"]
[BlackFideId "4170350"]
[EventDate "2013.06.20"]

1. e4 c6 2. d3 d5 3. Nd2 g6 4. Ngf3 Bg7 5. d4 dxe4 6. Nxe4 Nd7 7. Bc4 Ngf6 8.
Nxf6+ Nxf6 9. O-O O-O 10. Re1 Bg4 11. c3 e6 12. h3 Bxf3 13. Qxf3 Nd5 14. g3 a5
15. h4 a4 16. a3 h6 17. Re2 Qd6 18. Bd2 Rfe8 19. Rae1 b5 20. Ba2 Ra7 21. Bc1
Rae7 22. Kg2 Qc7 23. Qd3 Qd6 24. Qc2 Rb7 25. Bd2 Rc8 26. Qc1 Qf8 27. h5 g5 28.
f4 gxf4 29. Bxf4 Nxf4+ 30. Qxf4 Qd8 31. Qe4 Re7 32. Rf1 c5 33. d5 c4 34. Bb1 Qd6
35. dxe6 Rxe6 36. Qh7+ Kf8 37. Rxe6 Qxe6 38. Qf5 Qxf5 39. Rxf5 Rb8 40. Rc5 Bf6
41. Bf5 1/2-1/2

[Event "66th ch-RUS HL"]
[Site "Yekaterinburg RUS"]
[Date "2013.06.26"]
[Round "6.8"]
[White "Matlakov, Maxim"]
[Black "Demchenko, Anton"]
[Result "1/2-1/2"]
[WhiteTitle "GM"]
[BlackTitle "GM"]
[WhiteElo "2665"]
[BlackElo "2639"]
[WhiteFideId "4168003"]
[BlackFideId "4160258"]
[EventDate "2013.06.20"]

1. d4 Nf6 2. c4 g6 3. Nc3 Bg7 4. e4 d6 5. f3 O-O 6. Be3 Nc6 7. Nge2 a6 8. Qd2
Rb8 9. Rc1 Bd7 10. b3 e6 11. Ng3 e5 12. d5 Nd4 13. Nce2 Nxe2 14. Bxe2 h5 15. Bg5
Qe8 16. O-O Nh7 17. Be3 h4 18. Nh1 f5 19. c5 h3 20. g3 Nf6 21. cxd6 cxd6 22. Qb4
fxe4 23. fxe4 Bg4 24. Bd3 Qd7 25. Rc2 Bh5 26. Nf2 Ng4 27. Nxg4 Bxg4 28. Rfc1
Rbc8 29. Rxc8 Rxc8 30. Rxc8+ Qxc8 31. Qc4 Qf8 32. Be2 Bd7 33. a4 Qd8 34. Qb4 Bc8
35. Qb6 Qe7 36. Kf2 Kh7 37. Ke1 Bh6 38. Kd2 Bxe3+ 39. Qxe3 Kg7 40. Qc3 Bg4 1/2-1/2

[Event "66th ch-RUS HL"]
[Site "Yekaterinburg RUS"]
[Date "2013.06.26"]
[Round "6.9"]
[White "Khairullin, Ildar"]
[Black "Prizant, Jaroslav"]
[Result "1/2-1/2"]
[WhiteTitle "GM"]
[BlackTitle "IM"]
[WhiteElo "2658"]
[BlackElo "2515"]
[WhiteFideId "4151348"]
[BlackFideId "4140664"]
[EventDate "2013.06.20"]

1. e4 e6 2. d4 d5 3. Nc3 Bb4 4. a3 Bxc3+ 5. bxc3 dxe4 6. Qg4 Nf6 7. Qxg7 Rg8 8.
Qh6 Rg6 9. Qd2 b6 10. Nh3 Bb7 11. Nf4 Rg8 12. c4 Qd6 13. Bb2 Nbd7 14. O-O-O
O-O-O 15. h3 e5 16. dxe5 Nxe5 17. Qxd6 cxd6 18. Be2 Rd7 19. Rd4 Kd8 20. Rhd1 Ke7
21. a4 Ng6 22. Nxg6+ hxg6 23. Ba3 Rgd8 24. a5 Ne8 25. f3 exf3 26. gxf3 Ng7 27.
R4d3 Bc6 28. axb6 axb6 29. Rb3 Rb7 30. f4 Ne6 31. Re3 f5 32. h4 Be4 33. h5 gxh5
34. Bxh5 Rc7 35. Be2 Rc6 36. Bd3 Bxd3 37. cxd3 Kd7 38. Kd2 Rg8 39. Rh1 Nxf4 40.
Rh7+ Kc8 41. Ree7 Rd8 42. Ke3 Ng6 43. Ra7 Kb8 44. Kd4 Nf4 45. Rad7 Rxd7 46. Rxd7
Kc8 47. Rf7 Ng6 48. Rf6 Ne7 49. Bxd6 Ng8 50. Rf8+ Kd7 51. Bb4 Nf6 52. Ke5 Ng4+
53. Kxf5 Nf2 54. Rf7+ Kc8 55. Rf8+ Kd7 56. Rf7+ 1/2-1/2

[Event "66th ch-RUS HL"]
[Site "Yekaterinburg RUS"]
[Date "2013.06.26"]
[Round "6.11"]
[White "Lysyj, Igor"]
[Black "Gabrielian, Artur"]
[Result "1-0"]
[WhiteTitle "GM"]
[BlackTitle "GM"]
[WhiteElo "2656"]
[BlackElo "2545"]
[WhiteFideId "4150120"]
[BlackFideId "4131002"]
[EventDate "2013.06.20"]

1. d4 Nf6 2. c4 g6 3. Nc3 d5 4. Nf3 Bg7 5. Qb3 dxc4 6. Qxc4 O-O 7. e4 Na6 8. Be2
c5 9. d5 e6 10. Bg5 exd5 11. Nxd5 Be6 12. Rd1 Bxd5 13. Rxd5 Qa5+ 14. Rd2 Nc7 15.
e5 Nfd5 16. O-O h6 17. Rxd5 Nxd5 18. Qxd5 hxg5 19. e6 Qd8 20. Qxc5 Rc8 21. exf7+
Rxf7 22. Qb4 Qe7 23. Qg4 Qxe2 24. Qxc8+ Rf8 25. Qxb7 g4 26. Ng5 Qxb2 27. Qd5+
Kh8 28. Ne6 Rb8 29. Qe4 Kh7 30. Qxg4 Qxa2 31. Qh4+ Kg8 32. Qe7 Bh8 33. g3 a5 34.
Rd1 Qe2 35. Rd8+ Rxd8 36. Qxd8+ Kh7 37. Qe7+ 1-0

[Event "66th ch-RUS HL"]
[Site "Yekaterinburg RUS"]
[Date "2013.06.26"]
[Round "6.12"]
[White "Kokarev, Dmitry"]
[Black "Ovetchkin, Roman"]
[Result "1-0"]
[WhiteTitle "GM"]
[BlackTitle "GM"]
[WhiteElo "2639"]
[BlackElo "2529"]
[WhiteFideId "4132181"]
[BlackFideId "4119991"]
[EventDate "2013.06.20"]

1. e4 e5 2. Nf3 Nc6 3. Bb5 Nf6 4. d3 Bc5 5. Bxc6 dxc6 6. Nbd2 Be6 7. O-O Bd6 8.
d4 Nd7 9. b3 exd4 10. Nxd4 Qf6 11. Bb2 Qh6 12. N2f3 Ne5 13. Bc1 Qh5 14. Nxe5
Qxe5 15. f4 Qxe4 16. Re1 Qd5 17. c4 Qa5 18. f5 O-O-O 19. fxe6 fxe6 20. Rxe6 Qc3
21. Be3 Bc5 22. Re4 Rhe8 23. Rxe8 Rxe8 24. Bf2 Re4 25. Rc1 Rxd4 26. Bxd4 Bxd4+
27. Kh1 Qe3 28. Qe1 Qxe1+ 29. Rxe1 Kd7 30. Rd1 c5 31. g3 Kc6 32. Re1 Kb6 33. Re8
Bf6 34. Kg2 c6 35. Rb8 Be5 36. Ra8 a6 37. Kf3 Ka5 38. Ke4 Bf6 39. Kd3 Kb4 40.
Ra7 1-0

[Event "66th ch-RUS HL"]
[Site "Yekaterinburg RUS"]
[Date "2013.06.26"]
[Round "6.14"]
[White "Ponkratov, Pavel"]
[Black "Predke, Alexandr"]
[Result "1/2-1/2"]
[WhiteTitle "GM"]
[WhiteElo "2605"]
[BlackElo "2492"]
[WhiteFideId "4157800"]
[BlackFideId "24107581"]
[EventDate "2013.06.20"]

1. e4 e5 2. Nf3 Nc6 3. Bb5 a6 4. Ba4 Nf6 5. O-O Be7 6. Re1 b5 7. Bb3 d6 8. c3
O-O 9. h3 Re8 10. a4 Bb7 11. d3 h6 12. Nbd2 Bf8 13. Nh4 Na5 14. Ba2 d5 15. b4
Nc6 16. exd5 Nxd5 17. Qf3 e4 18. dxe4 Ncxb4 19. cxb4 Qxh4 20. Bb2 Bxb4 21. Rad1
Qf4 22. Qb3 bxa4 23. Qxa4 Bxd2 24. g3 Qf3 25. Rxd2 Nf4 26. Bxf7+ Kh8 27. gxf4
Rxe4 28. Rxe4 Bxe4 29. Kf1 Qxh3+ 30. Ke1 Qh1+ 31. Ke2 Qf3+ 32. Ke1 Qh1+ 33. Ke2
Qf3+ 34. Ke1 Qh1+ 35. Ke2 Qf3+ 1/2-1/2

[Event "66th ch-RUS HL"]
[Site "Yekaterinburg RUS"]
[Date "2013.06.26"]
[Round "6.15"]
[White "Oparin, Grigoriy"]
[Black "Panarin, Mikhail"]
[Result "0-1"]
[WhiteTitle "IM"]
[BlackTitle "GM"]
[WhiteElo "2497"]
[BlackElo "2565"]
[WhiteFideId "24125890"]
[BlackFideId "4153251"]
[EventDate "2013.06.20"]

1. e4 c5 2. Nf3 Nc6 3. d4 cxd4 4. Nxd4 Qc7 5. Nc3 e6 6. Be2 Nf6 7. O-O Be7 8.
Be3 O-O 9. f4 d6 10. Kh1 a6 11. Qe1 Nxd4 12. Bxd4 b5 13. a3 Nd7 14. Rd1 Bb7 15.
Rd3 Nc5 16. Rg3 g6 17. f5 exf5 18. exf5 Bh4 19. Rxg6+ fxg6 20. Qxh4 Qc6 21. Qh3
Qd7 22. Qh6 Rae8 23. fxg6 Rxf1+ 24. Bxf1 Ne6 25. Qh3 Nf8 26. gxh7+ Qxh7 27.
Qxh7+ Kxh7 28. Bd3+ Kg8 29. h4 Ne6 30. Be3 Nc5 31. Bf4 Nxd3 32. cxd3 a5 33. b4
axb4 34. axb4 Rf8 35. Be3 Bc6 36. Kg1 Ra8 37. Kf2 Ra3 38. Bd4 Rb3 39. g4 Rxb4
40. Ke3 Rb3 41. g5 b4 42. Ne2 Rb1 43. h5 Rh1 44. h6 Rh3+ 45. Kd2 Rh2 46. Kc1
Rxe2 47. g6 Re5 48. Kc2 Be8 0-1

[Event "66th ch-RUS HL"]
[Site "Yekaterinburg RUS"]
[Date "2013.06.26"]
[Round "6.16"]
[White "Eliseev, Urii"]
[Black "Gordievsky, Dmitry"]
[Result "1-0"]
[WhiteTitle "IM"]
[BlackTitle "FM"]
[WhiteElo "2557"]
[BlackElo "2474"]
[WhiteFideId "24131920"]
[BlackFideId "24112798"]
[EventDate "2013.06.20"]

1. e4 c5 2. Nf3 d6 3. d4 cxd4 4. Nxd4 Nf6 5. Nc3 a6 6. Be3 e5 7. Nb3 Be6 8. f4
exf4 9. Bxf4 Nc6 10. Qe2 Rc8 11. h3 Nb4 12. a3 Nh5 13. axb4 Nxf4 14. Qf3 g5 15.
b5 a5 16. g3 Ng6 17. Nd4 Bg7 18. O-O-O O-O 19. h4 a4 20. Nd5 a3 21. Qxa3 Ra8 22.
Qd3 Bxd5 23. exd5 Ne5 24. Qf5 Ra1+ 25. Kd2 Qa5+ 26. c3 Ra2 27. Rb1 Ng6 28. Bc4
Ra4 29. Nb3 Qb6 30. Bd3 gxh4 31. Rxh4 Rxh4 32. gxh4 Re8 33. Rf1 Qe3+ 34. Kc2 Ne5
35. Qxh7+ Kf8 36. Qf5 Bh6 37. Rd1 Qg3 38. Kb1 Qxh4 39. Nd4 b6 40. Rf1 Qg3 41.
Bc2 Bg7 42. Ka2 Ra8+ 43. Kb3 Qh4 44. Rf4 Qh1 45. Ne6+ Kg8 46. Nxg7 Kxg7 47. Qf6+
Kg8 48. Qg5+ Kf8 49. Rh4 Qxd5+ 50. c4 Qf3+ 51. Kb4 f6 52. Rf4 Nf7 53. Qxf6 Qh5
54. Rf5 Ra4+ 1-0

[Event "66th ch-RUS HL"]
[Site "Yekaterinburg RUS"]
[Date "2013.06.26"]
[Round "6.17"]
[White "Iskusnyh, Sergei"]
[Black "Voitsekhovsky, Stanislav"]
[Result "0-1"]
[WhiteTitle "GM"]
[BlackTitle "GM"]
[WhiteElo "2489"]
[BlackElo "2523"]
[WhiteFideId "4120027"]
[BlackFideId "4113470"]
[EventDate "2013.06.20"]

1. d4 Nf6 2. c4 g6 3. g3 Bg7 4. Bg2 O-O 5. Nc3 d6 6. Nf3 Nc6 7. O-O a6 8. Qd3 e5
9. dxe5 dxe5 10. Qxd8 Rxd8 11. Bg5 Be6 12. Nd2 h6 13. Bxf6 Rxd2 14. Bxg7 Kxg7
15. Bxc6 bxc6 16. b3 Rad8 17. Rfd1 R8d4 18. Rxd2 Rxd2 19. Kf1 Rc2 20. Na4 a5 21.
Nc5 Bf5 22. Ke1 Rb2 23. f3 h5 24. h3 g5 25. g4 Bg6 26. Kf2 h4 27. a4 Bc2 28. Nb7
Bd3 29. Ke3 Bxc4 30. bxc4 Rxb7 31. Kd3 Rb2 32. c5 Kf6 33. Rc1 Ke6 34. Rc4 Rb1
35. Ke3 Rh1 36. Kf2 Rxh3 37. Kg2 Rg3+ 38. Kf2 f5 39. gxf5+ Kxf5 40. Re4 Ke6 41.
Rc4 Kd5 42. Rc1 e4 43. Rd1+ Kxc5 44. fxe4 Rg4 45. Ke3 h3 46. e5 h2 47. e6 Rg1
48. e7 Rxd1 49. e8=Q h1=Q 0-1

[Event "66th ch-RUS HL"]
[Site "Yekaterinburg RUS"]
[Date "2013.06.26"]
[Round "6.18"]
[White "Dvoirys, Semen I."]
[Black "Egorov, Dmitry"]
[Result "1-0"]
[WhiteTitle "GM"]
[BlackTitle "FM"]
[WhiteElo "2533"]
[BlackElo "2355"]
[WhiteFideId "4100379"]
[BlackFideId "4128303"]
[EventDate "2013.06.20"]

1. e4 c6 2. Nc3 d5 3. Nf3 dxe4 4. Nxe4 Bf5 5. Ng3 Bg6 6. h4 h6 7. Ne5 Bh7 8. Qh5
g6 9. Qf3 Nf6 10. Qb3 Qd5 11. d4 Qxb3 12. axb3 Nbd7 13. Nc4 Bg7 14. Be2 Nd5 15.
c3 O-O 16. O-O f5 17. Bf3 N5b6 18. Be2 f4 19. Nxb6 Nxb6 20. Ne4 e5 21. dxe5 Bxe5
22. Nc5 Rf7 23. Bg4 Kh8 24. Re1 Bd6 25. b4 h5 26. Bf3 Nc4 27. Nxb7 Rxb7 28. Bxc6
Rab8 29. Bxb7 Rxb7 30. Re4 Bg8 31. Bxf4 Bxf4 32. Rxf4 Nxb2 33. Rf8 Rc7 34. Ra8
Rxc3 35. R1xa7 Nd3 36. Rf8 Ne5 37. f3 Rc1+ 38. Kh2 Nc6 39. Raa8 Ne7 40. Rfe8 Rc7
41. b5 1-0

[Event "66th ch-RUS HL"]
[Site "Yekaterinburg RUS"]
[Date "2013.06.26"]
[Round "6.19"]
[White "Sek, Konstantin"]
[Black "Vokarev, Sergey"]
[Result "0-1"]
[BlackTitle "GM"]
[WhiteElo "2463"]
[BlackElo "2472"]
[WhiteFideId "24104302"]
[BlackFideId "4119711"]
[EventDate "2013.06.20"]

1. e4 c5 2. Nf3 Nc6 3. d4 cxd4 4. Nxd4 Nf6 5. Nc3 g6 6. Be3 Bg7 7. Bc4 Qa5 8.
O-O d6 9. h3 O-O 10. Bb3 Bd7 11. Re1 Rac8 12. Nf3 b5 13. Bd2 Qb6 14. Bg5 Qb7 15.
Nd5 Rfe8 16. Qd2 Nxd5 17. exd5 Ne5 18. Nxe5 Bxe5 19. c3 Qb6 20. Kh1 a5 21. f4
Bf6 22. Bxf6 exf6 23. a3 Bf5 24. Kh2 Kg7 25. a4 Re4 26. Rxe4 Bxe4 27. axb5 Qxb5
28. Ba4 Qxd5 29. Qxd5 Bxd5 30. Bd7 Rc5 31. Rd1 Kf8 32. b4 axb4 33. cxb4 Rc7 34.
Ba4 Ra7 35. Bb5 Bb3 36. Rb1 Bd5 37. Bf1 Be4 38. Rb2 Ra1 39. Bc4 d5 40. Ba2 d4
41. b5 Rc1 42. b6 d3 43. Bb3 Rc8 44. Kg1 Rc5 45. Ba4 Rc4 46. Bb5 Rc1+ 47. Kh2
Rc2 48. Rb4 Rxg2+ 49. Kh1 Bb7 0-1

[Event "66th ch-RUS HL"]
[Site "Yekaterinburg RUS"]
[Date "2013.06.26"]
[Round "6.20"]
[White "Nozdrachev, Leonid"]
[Black "Levin, Evgeny A."]
[Result "1/2-1/2"]
[WhiteTitle "FM"]
[BlackTitle "GM"]
[WhiteElo "2389"]
[BlackElo "2512"]
[WhiteFideId "24113433"]
[BlackFideId "4182596"]
[EventDate "2013.06.20"]

1. e4 Nf6 2. e5 Nd5 3. Nf3 d6 4. d4 dxe5 5. Nxe5 c6 6. Be2 Nd7 7. Nf3 N7f6 8. c4
Nb6 9. Be3 Bg4 10. Ne5 Bxe2 11. Qxe2 Nfd7 12. Nc3 e6 13. O-O Be7 14. Rad1 O-O
15. Nxd7 Qxd7 16. d5 cxd5 17. Bxb6 axb6 18. cxd5 Bb4 19. dxe6 Qxe6 20. Qxe6 fxe6
21. Rd7 Rf7 22. Rfd1 Rxd7 23. Rxd7 Bxc3 24. bxc3 Rxa2 25. g3 Rc2 26. Rxb7 Rxc3
27. Rxb6 Kf7 28. Kg2 Kf6 29. Rb5 h6 30. h4 Ra3 31. Rc5 Rd3 32. Rb5 Ra3 33. Rc5
Rd3 34. Rb5 Ra3 35. Rc5 Rb3 36. Ra5 Rc3 37. Rb5 Rd3 38. Ra5 Rc3 39. Rb5 Kf7 40.
Re5 Kf6 41. Ra5 1/2-1/2